<?xml version="1.0" encoding="UTF-8"?>
<record
    xmlns:xsi="http://www.w3.org/2001/XMLSchema-instance"
    xsi:schemaLocation="http://www.loc.gov/MARC21/slim http://www.loc.gov/standards/marcxml/schema/MARC21slim.xsd"
    xmlns="http://www.loc.gov/MARC21/slim">

  <leader>01045nam a2200181Ia 4500</leader>
  <controlfield tag="008">151202s9999||||xx |||||||||||||| ||und||</controlfield>
  <datafield tag="082" ind1=" " ind2=" ">
    <subfield code="b">PNVM-49213</subfield>
  </datafield>
  <datafield tag="100" ind1=" " ind2=" ">
    <subfield code="a">&#x91A;&#x935;&#x94D;&#x939;&#x93E;&#x923; &#x930;&#x93E;.&#x928;&#x93E;/&#x938;&#x902;&#x92A;&#x93E;-&#x91A;&#x935;&#x94D;&#x939;&#x93E;&#x923; &#x930;&#x92E;&#x947;&#x936;.</subfield>
  </datafield>
  <datafield tag="245" ind1=" " ind2=" ">
    <subfield code="a">&#x930;&#x93E;&#x91C;&#x930;&#x94D;&#x937;&#x940; &#x936;&#x93E;&#x939;&#x942; &#x92E;&#x939;&#x93E;&#x930;&#x93E;&#x91C; &#x92F;&#x93E;&#x902;&#x91A;&#x940; &#x938;&#x93E;&#x92E;&#x93E;&#x91C;&#x93F;&#x915; &#x935;&#x93F;&#x91A;&#x93E;&#x930;&#x927;&#x93E;&#x930;&#x93E; &#x935; &#x915;&#x93E;&#x930;&#x94D;&#x92F;.</subfield>
  </datafield>
  <datafield tag="260" ind1=" " ind2=" ">
    <subfield code="b">"&#x930;&#x92E;&#x947;&#x936; &#x91A;&#x935;&#x94D;&#x939;&#x93E;&#x923;,&#x915;&#x94B;&#x925;&#x930;&#x942;&#x921; &#x92A;&#x941;&#x923;&#x947; 52."</subfield>
  </datafield>
  <datafield tag="260" ind1=" " ind2=" ">
    <subfield code="c">3 2013</subfield>
  </datafield>
  <datafield tag="300" ind1=" " ind2=" ">
    <subfield code="a">197</subfield>
  </datafield>
  <datafield tag="600" ind1=" " ind2=" ">
    <subfield code="a">&#x91A;&#x935;&#x94D;&#x939;&#x93E;&#x923; &#x930;&#x93E;.&#x928;&#x93E;/&#x938;&#x902;&#x92A;&#x93E;-&#x91A;&#x935;&#x94D;&#x939;&#x93E;&#x923; &#x930;&#x92E;&#x947;&#x936;.</subfield>
  </datafield>
  <datafield tag="630" ind1=" " ind2=" ">
    <subfield code="a">&#x930;&#x93E;&#x91C;&#x930;&#x94D;&#x937;&#x940; &#x936;&#x93E;&#x939;&#x942; &#x92E;&#x939;&#x93E;&#x930;&#x93E;&#x91C; &#x92F;&#x93E;&#x902;&#x91A;&#x940; &#x938;&#x93E;&#x92E;&#x93E;&#x91C;&#x93F;&#x915; &#x935;&#x93F;&#x91A;&#x93E;&#x930;&#x927;&#x93E;&#x930;&#x93E; &#x935; &#x915;&#x93E;&#x930;&#x94D;&#x92F;.</subfield>
  </datafield>
  <datafield tag="700" ind1=" " ind2=" ">
    <subfield code="a">&#x91A;&#x935;&#x94D;&#x939;&#x93E;&#x923; &#x930;&#x93E;.&#x928;&#x93E;/&#x938;&#x902;&#x92A;&#x93E;-&#x91A;&#x935;&#x94D;&#x939;&#x93E;&#x923; &#x930;&#x92E;&#x947;&#x936;.</subfield>
  </datafield>
  <datafield tag="730" ind1=" " ind2=" ">
    <subfield code="a">&#x930;&#x93E;&#x91C;&#x930;&#x94D;&#x937;&#x940; &#x936;&#x93E;&#x939;&#x942; &#x92E;&#x939;&#x93E;&#x930;&#x93E;&#x91C; &#x92F;&#x93E;&#x902;&#x91A;&#x940; &#x938;&#x93E;&#x92E;&#x93E;&#x91C;&#x93F;&#x915; &#x935;&#x93F;&#x91A;&#x93E;&#x930;&#x927;&#x93E;&#x930;&#x93E; &#x935; &#x915;&#x93E;&#x930;&#x94D;&#x92F;.</subfield>
  </datafield>
  <datafield tag="942" ind1=" " ind2=" ">
    <subfield code="c">BOOK</subfield>
  </datafield>
  <datafield tag="999" ind1=" " ind2=" ">
    <subfield code="c">1315110</subfield>
    <subfield code="d">1315107</subfield>
  </datafield>
  <datafield tag="952" ind1=" " ind2=" ">
    <subfield code="0">0</subfield>
    <subfield code="1">0</subfield>
    <subfield code="4">0</subfield>
    <subfield code="7">0</subfield>
    <subfield code="a">PNVM</subfield>
    <subfield code="b">PNVM</subfield>
    <subfield code="d">2015-06-21</subfield>
    <subfield code="g">0.00</subfield>
    <subfield code="l">0</subfield>
    <subfield code="o">PNVM-49213</subfield>
    <subfield code="p">PNVM-49213</subfield>
    <subfield code="r">2015-12-02 00:00:00</subfield>
    <subfield code="v">0.00</subfield>
    <subfield code="w">2015-12-02</subfield>
    <subfield code="y">BOOK</subfield>
  </datafield>
</record>
